000 00374nam a22001217a 4500
020 _a8124202893
082 _a658.3
_bARM
100 _aArmstrong, Michael
245 _aHandbook of Reward Management:
_bRemuneration Strategy and Practice /
_cMichael Armstrong
260 _aNew Delhi :
_bCrest Publishing House,
_c2003.
300 _a690 p. ;
_c25 cm.
942 _2ddc
_cBK
999 _c591606
_d591606